| 000 | 00351nam a2200109Ia 4500 | ||
|---|---|---|---|
| 008 | 171204s9999 xx 000 0 und d | ||
| 245 | _aComputer Fundamentals and Programming in C: | ||
| 245 | _cManas Ghosh and Pradip Dey | ||
| 260 | _c2013 | ||
| 650 | _xADVANCED OPERATING SYSTEM AND NETWORKING | ||
| 856 | _uhttp://down.ebook777.com/054/0198084560.pdf | ||
| 999 |
_c347116 _d347116 |
||